| 000 | 00402nam a22001217a 4500 | ||
|---|---|---|---|
| 082 |
_a363.7 _bURB _cD |
||
| 245 | _aThe Urban Environmental Challenge in the 90': The Role of Governmnet, the Market and the Public | ||
| 260 |
_aAmerica _bthe worl bank _cJune 10 and 11 1993 |
||
| 300 |
_ap.61. : _bill. ; _c24 cm |
||
| 526 |
_a0 _b0 _c0 _d363_700000000000000_URB |
||
| 650 |
_aMCE (D) _938184 |
||
| 942 |
_2ddc _cBK |
||
| 999 |
_c542824 _d542824 |
||